=LDR 00000nam 2200000 4500 =001 INLIS000000000029515 =005 20130612131737 =008 ***********************************Ind** =035 ##$$0010-061300000029515 =041 ##$$a Ind =082 ##$$a 621.384 =090 ##$$a 621.384, Pra m =100 ##$$a Prasetyono, Dewi Sunar =245 ##$$a Merawat dan memperbaiki radio tape recorder CD/VCD/Dwi smar prasetyono =260 ##$$a 2006 $b Yogyakarta =300 ##$$a 168 hlm, 21 cm =650 ##$$a Radio =850 ##$$a NBPNMAT